Man v. nature : stories /

"A debut collection of stories which illuminates the complexity of human behavior, as seen through the lens of the natural world. These stories expose unsuspecting men and women to the realities of nature, the primal instincts of man, and the dark humor and heartbreak of our struggle to not onl...

Full description

Bibliographic Details
Main Author: Cook, Diane, 1976-
Format: Book
Language:English
Published: New York : Harper, [2014]
Edition:First edition.
Subjects:
Online Access:Cover image

MARC

Tag First Indicator Second Indicator Subfields
LEADER 00000cam a2200000 i 4500
001 in00003519085
005 20141106104126.0
008 140605s2014 nyu 000 j eng
010 |a  2014012877 
035 |a (OCoLC)ocn868644056 
040 |a DLC  |b eng  |e rda  |c DLC  |d IG#  |d BTCTA  |d BDX  |d YDXCP  |d JAI  |d SRC  |d JAG  |d OCLCO  |d OCLCQ  |d OCLCO 
020 |a 9780062333100  |q (hbk.) 
020 |a 0062333100  |q (hbk.) 
035 |a (OCoLC)868644056 
050 0 0 |a PS3603.O56886  |b A6 2014 
082 0 0 |a 813/.6  |2 23 
049 |a TXAM 
100 1 |a Cook, Diane,  |d 1976- 
240 1 0 |a Short stories.  |k Selections 
245 1 0 |a Man v. nature :  |b stories /  |c Diane Cook. 
246 3 |a Man vs. nature :  |b stories 
246 3 |a Man versus nature :  |b stories 
250 |a First edition. 
264 1 |a New York :  |b Harper,  |c [2014] 
300 |a 257 pages ;  |c 22 cm 
336 |a text  |b txt  |2 rdacontent 
337 |a unmediated  |b n  |2 rdamedia 
338 |a volume  |b nc  |2 rdacarrier 
505 0 0 |t Moving on --  |t The way the end of days should be --  |t Somebody's baby --  |t Girl on girl --  |t Man v. nature --  |t Marrying up --  |t It's coming --  |t Meteorologist Dave Santana --  |t Flotsam --  |t A wanted man --  |t The mast year --  |t The not-needed forest. 
520 |a "A debut collection of stories which illuminates the complexity of human behavior, as seen through the lens of the natural world. These stories expose unsuspecting men and women to the realities of nature, the primal instincts of man, and the dark humor and heartbreak of our struggle to not only thrive, but survive."--  |c Provided by publisher. 
650 0 |a Short stories, American. 
650 7 |a FICTION  |x Literary.  |2 bisacsh 
650 7 |a FICTION  |x Short Stories (single author)  |2 bisacsh 
650 7 |a FICTION  |x General.  |2 bisacsh 
655 0 |a Psychological fiction. 
740 0 2 |a Moving on. 
740 0 2 |a Somebody's baby. 
740 0 2 |a Girl on girl. 
740 0 2 |a Marrying up. 
740 0 2 |a It's coming. 
740 0 2 |a A wanted man. 
740 0 2 |a Mast year. 
740 0 2 |a Not-needed forest. 
856 4 2 |3 Cover image  |u http://www.harpercollins.com/harperimages/isbn/tiff/0/9780062333100.tif  |t 0 
938 |a Brodart  |b BROD  |n 108547000 
938 |a Baker and Taylor  |b BTCP  |n BK0014312196 
938 |a Ingram  |b INGR  |n 9780062333100 
938 |a YBP Library Services  |b YANK  |n 11591403 
947 |a A14840391943 
945 |a PromptCat  |b 955774 
946 |a stk 
948 |a Cataloged  |b h  |c 2014/11/6  |d c  |e LDuncan 
994 |a 92  |b TXA 
999 f f |s 3c4763ec-bcb1-3568-955b-599cb839c91d  |i 2b0a8520-48b7-3379-84be-80d808090cf9  |t 0 
952 f f |p ric  |a Texas A&M University  |b Rellis Campus  |c Joint Library Facility  |d Remote Storage  |t 0  |e PS3603.O56886 A6 2014  |h Library of Congress classification  |i unmediated -- volume  |m A14840391943 
998 f f |a PS3603.O56886 A6 2014  |t 0  |l Remote Storage